Programování mikrokontrolérů PIC16CXX

Guardado en:
Detalles Bibliográficos
Autor principal: Hrbáček, Jiří (Autor)
Formato: Libro
Lenguaje:checo
Publicado: Praha : BEN - technická literatura, 1998
Materias:
Etiquetas: Agregar Etiqueta
Sin Etiquetas, Sea el primero en etiquetar este registro!

MARC

LEADER 00000nam a22000003a 4500
001 stu48961
005 20200817121208.1
008 990121s1998------------------------cze-d
020 |a 80-86056-16-3 
040 |a STU  |b slo 
041 0 |a cze 
080 |a 681.326 
084 |a B1265F  |2 INS 
084 |a B2570  |2 INS 
084 |a C5130  |2 INS 
100 1 |a Hrbáček, Jiří  |4 aut 
245 1 |a Programování mikrokontrolérů PIC16CXX 
260 |a Praha :  |b BEN - technická literatura,  |c 1998 
300 |a 111 s 
650 7 |a programovanie  |2 stusub 
650 7 |a mikroradiče  |2 stusub 
996 |b 284EK08097  |c E*82205  |l EE01  |s A  |a 24  |w stu48961_0001